[Event "SVK-ch Amateurs"]
[Site "Liptovsky Jan"]
[Date "2023.06.18"]
[Round "8"]
[White "Prochazka, Michal"]
[Black "Horbalova, Ivana"]
[Result "1-0"]
[WhiteElo "1351"]
[BlackElo "1288"]
[PlyCount "49"]
[EventDate "2023.06.15"]
[EventType "swiss"]
[EventRounds "8"]
[EventCountry "SVK"]
[SourceTitle "CBM 214 Extra"]
[Source "ChessBase"]
[SourceDate "2023.07.31"]
[SourceVersion "1"]
[SourceVersionDate "2023.07.31"]
[SourceQuality "1"]

1. e4 c5 2. Nc3 Nc6 3. f4 g6 4. Nf3 Bg7 5. d3 e6 6. g3 Nge7 7. Bg2 0-0 8. 0-0 d5 9. Qe1 dxe4 10. dxe4 b6 11. Be3 Bb7 12. Rd1 Qc7 13. Rf2 Rad8 14. Rfd2 Rxd2 15. Rxd2 Rd8 16. e5 Rxd2 17. Qxd2 Nb4 18. Nb5 Qb8 19. c3 Nbd5 20. Bf2 Bf8 21. Nd6 Nc6 22. Ne4 Qc7 23. c4 Kg7 24. Nf6 Nde7 25. Ne8+ 1-0

[Event "SVK-ch Amateurs"]
[Site "Liptovsky Jan"]
[Date "2023.06.17"]
[Round "5"]
[White "Horbalova, Ivana"]
[Black "Cervenka, Robert"]
[Result "0-1"]
[WhiteElo "1288"]
[BlackElo "1000"]
[PlyCount "96"]
[EventDate "2023.06.15"]
[EventType "swiss"]
[EventRounds "8"]
[EventCountry "SVK"]
[SourceTitle "CBM 214 Extra"]
[Source "ChessBase"]
[SourceDate "2023.07.31"]
[SourceVersion "1"]
[SourceVersionDate "2023.07.31"]
[SourceQuality "1"]

1. c4 e5 2. Nc3 Nf6 3. e3 g6 4. d4 exd4 5. exd4 d5 6. Nf3 Bg7 7. Be2 0-0 8. 0-0 dxc4 9. Bxc4 Bg4 10. Be3 Nbd7 11. Be2 Nb6 12. Ne5 Bxe2 13. Qxe2 c6 14. Rad1 Nfd5 15. Qf3 Re8 16. Ng4 Qe7 17. Nxd5 Nxd5 18. Rde1 Rab8 19. Bd2 Qc7 20. Qh3 h5 21. Nh6+ Kh7 22. Nf5 Qd7 23. Nxg7 Qxh3 24. gxh3 Kxg7 25. Re5 Rxe5 26. dxe5 Re8 27. Re1 Kf8 28. f4 Ne7 29. Bb4 b6 30. Bd6 Rd8 31. Rc1 Rc8 32. Re1 Ke8 33. Kf2 Rd8 34. Bxe7 Kxe7 35. Re2 Ke6 36. Rc2 c5 37. a3 Rd4 38. Ke3 a5 39. Rc3 a4 40. b3 Kd5 41. h4 Kc6 42. Rd3 Rxd3+ 43. Kxd3 Kd5 44. bxa4 c4+ 45. Kc3 Kc5 46. h3 Kd5 47. Kd2 Kd4 48. Kc2 c3 0-1

[Event "Kezmarok op"]
[Site "Kezmarok"]
[Date "2022.10.01"]
[Round "9"]
[White "Horbalova, Ivana"]
[Black "Kolek, Stefan"]
[Result "0-1"]
[WhiteElo "1286"]
[BlackElo "1524"]
[PlyCount "66"]
[EventDate "2022.09.24"]
[EventType "swiss"]
[EventRounds "9"]
[EventCountry "SVK"]
[SourceTitle "CBM 210 Extra"]
[Source "ChessBase"]
[SourceDate "2022.11.30"]
[SourceVersion "1"]
[SourceVersionDate "2022.11.30"]
[SourceQuality "1"]

1. d4 e6 2. e4 d5 3. e5 c5 4. c3 cxd4 5. cxd4 Nc6 6. Nf3 Qb6 7. Be3 Qxb2 8. Nbd2 Bb4 9. Be2 Bxd2+ 10. Bxd2 Nxd4 11. Nxd4 Qxd4 12. 0-0 Qxe5 13. Re1 Qd6 14. Qa4+ Bd7 15. Qb3 Bc6 16. Bb4 Qd8 17. Rac1 Ne7 18. Bc3 0-0 19. Bb2 Nf5 20. Qh3 Qh4 21. Qg4 Qxg4 22. Bxg4 Ne7 23. Rc3 Ng6 24. Rg3 Rfe8 25. h4 Nxh4 26. Bxe6 Ng6 27. Bxf7+ Kxf7 28. Rf3+ Kg8 29. Rfe3 Rxe3 30. Rxe3 Re8 31. Rg3 Re1+ 32. Kh2 Re2 33. f4 Rxb2 0-1

[Event "Kezmarok op"]
[Site "Kezmarok"]
[Date "2022.09.28"]
[Round "6"]
[White "Horbalova, Ivana"]
[Black "Fizer, Marek"]
[Result "0-1"]
[WhiteElo "1286"]
[BlackElo "1963"]
[PlyCount "68"]
[EventDate "2022.09.24"]
[EventType "swiss"]
[EventRounds "9"]
[EventCountry "SVK"]
[SourceTitle "CBM 210 Extra"]
[Source "ChessBase"]
[SourceDate "2022.11.30"]
[SourceVersion "1"]
[SourceVersionDate "2022.11.30"]
[SourceQuality "1"]

1. Nf3 c5 2. g3 Nc6 3. Bg2 g6 4. 0-0 Bg7 5. d3 e5 6. e4 d6 7. c4 Nge7 8. Na3 0-0 9. Nc2 h6 10. Rb1 a5 11. a4 f5 12. b3 f4 13. Bb2 g5 14. h4 g4 15. Nh2 f3 16. Nxf3 gxf3 17. Bxf3 Be6 18. Bg4 Qd7 19. Bxe6+ Qxe6 20. Kh2 Rf7 21. Qe2 Raf8 22. f3 Qg6 23. Rf2 Bf6 24. Rg1 Rg7 25. Rfg2 Qh5 26. f4 Qxe2 27. Rxe2 exf4 28. Bxf6 Rxf6 29. g4 Ng6 30. g5 Nxh4 31. gxf6 Nf3+ 32. Kh3 Nxg1+ 33. Kh2 Nf3+ 34. Kh3 Rg3# 0-1

[Event "Drienica Saris op"]
[Site "Drienica"]
[Date "2020.08.14"]
[Round "8"]
[White "Horbalova, Ivana"]
[Black "Ihnat, Marek1111"]
[Result "0-1"]
[WhiteElo "1311"]
[BlackElo "1490"]
[PlyCount "88"]
[EventDate "2020.08.07"]
[EventType "swiss"]
[EventRounds "9"]
[EventCountry "SVK"]
[SourceTitle "CBM 197 Extra"]
[Source "ChessBase"]
[SourceDate "2020.09.30"]
[SourceVersion "1"]
[SourceVersionDate "2020.09.30"]
[SourceQuality "1"]

1. e4 e6 2. d4 d5 3. Nd2 Nf6 4. e5 Nfd7 5. Bd3 c5 6. c3 Nc6 7. Ne2 cxd4 8. cxd4 f6 9. exf6 Nxf6 10. Nf3 Bd6 11. Bf4 0-0 12. Ne5 Nxe5 13. dxe5 Bb4+ 14. Kf1 Nd7 15. Rc1 Qb6 16. Bb1 Nxe5 17. Qc2 g6 18. Qc7 Qxc7 19. Rxc7 Nc6 20. Bh6 Rf7 21. Rxf7 Kxf7 22. h4 b6 23. h5 Ne7 24. hxg6+ hxg6 25. Bg5 Kg7 26. g4 Ba6 27. Rh4 Rc8 28. Bh6+ Kf6 29. g5+ Kf7 30. Rxb4 Rc1+ 31. Kg2 Rxb1 32. Rf4+ Nf5 33. Ng3 Rxb2 34. Nxf5 gxf5 35. Ra4 Bc4 36. Rxa7+ Kg6 37. Re7 Re2 38. Kg3 Kh5 39. Rf7 Rxa2 40. Rf8 b5 41. Kf4 Re2 42. Rh8 Re4+ 43. Kf3 d4 44. Rg8 d3 0-1

[Event "Drienica Saris op"]
[Site "Drienica"]
[Date "2020.08.13"]
[Round "7"]
[White "Soldan, Jan"]
[Black "Horbalova, Ivana"]
[Result "1-0"]
[WhiteElo "1783"]
[BlackElo "1311"]
[PlyCount "125"]
[EventDate "2020.08.07"]
[EventType "swiss"]
[EventRounds "9"]
[EventCountry "SVK"]
[SourceTitle "CBM 197 Extra"]
[Source "ChessBase"]
[SourceDate "2020.09.30"]
[SourceVersion "1"]
[SourceVersionDate "2020.09.30"]
[SourceQuality "1"]

1. e4 e5 2. Nf3 Nf6 3. Nxe5 d6 4. Nf3 Nxe4 5. Qe2 Qe7 6. d3 Nf6 7. Bg5 Qxe2+ 8. Bxe2 Be7 9. Nc3 Bd7 10. 0-0-0 Ng4 11. Bxe7 Nxf2 12. Bh4 Nxh1 13. Rxh1 Na6 14. d4 c6 15. Bd3 Be6 16. Ng5 h6 17. Nxe6 fxe6 18. Re1 Kd7 19. d5 Nc7 20. dxe6+ Nxe6 21. Bf5 Rae8 22. g4 g5 23. Bg3 d5 24. Ne2 c5 25. Nc3 d4 26. Nd5 Rhf8 27. Nc7 Rxf5 28. Nxe8 Rf3 29. Nd6 Rxg3 30. hxg3 Kxd6 31. Rh1 b5 32. Rxh6 Kd5 33. Kd2 a5 34. Rf6 a4 35. b3 a3 36. Kd3 c4+ 37. bxc4+ bxc4+ 38. Kd2 c3+ 39. Ke2 Nc5 40. Rf5+ Kc4 41. Re5 Na6 42. Ra5 Nb4 43. Kd1 Nxa2 44. Rxa3 Nb4 45. Ra4 Kb5 46. Ra8 Nd5 47. Re8 Ne3+ 48. Rxe3 dxe3 49. Ke2 Kc5 50. Kd3 e2 51. Kxe2 Kd4 52. Kf3 Kc4 53. Ke4 Kc5 54. Kd3 Kd5 55. Kxc3 Kc5 56. Kd3 Kd5 57. Ke3 Ke5 58. c4 Kd6 59. Kd4 Kc6 60. Ke5 Kc5 61. Kf5 Kxc4 62. Kxg5 Kd5 63. Kf6 1-0

[Event "Drienica Saris op"]
[Site "Drienica"]
[Date "2020.08.08"]
[Round "2"]
[White "Kukan, Michal"]
[Black "Horbalova, Ivana"]
[Result "1-0"]
[WhiteElo "1775"]
[BlackElo "1311"]
[PlyCount "69"]
[EventDate "2020.08.07"]
[EventType "swiss"]
[EventRounds "9"]
[EventCountry "SVK"]
[SourceTitle "CBM 197 Extra"]
[Source "ChessBase"]
[SourceDate "2020.09.30"]
[SourceVersion "1"]
[SourceVersionDate "2020.09.30"]
[SourceQuality "1"]

1. Nf3 f5 2. d4 Nf6 3. Nc3 c6 4. Bg5 Ne4 5. Nxe4 fxe4 6. Ne5 d6 7. Nc4 h6 8. Bh4 g5 9. Bg3 Bg7 10. e3 Be6 11. Nd2 d5 12. Be2 Bf7 13. h4 Nd7 14. hxg5 hxg5 15. Rxh8+ Bxh8 16. Bh5 Nf6 17. Bxf7+ Kxf7 18. Qe2 Qd7 19. 0-0-0 Qg4 20. Qf1 Bg7 21. Be5 Rh8 22. f3 exf3 23. Nxf3 Qf5 24. Qe2 g4 25. Nh2 Ke6 26. Rf1 Qh5 27. Rf4 g3 28. Nf3 Qh1+ 29. Ne1 Bh6 30. Rf3 Rg8 31. Bxg3 Rg4 32. Rxf6+ Kxf6 33. Qxg4 Bxe3+ 34. Kd1 Qh7 35. Be5+ 1-0

[Event "Drienica Saris op"]
[Site "Drienica"]
[Date "2020.08.07"]
[Round "1"]
[White "Horbalova, Ivana"]
[Black "Hlavac, Peter"]
[Result "0-1"]
[WhiteElo "1311"]
[BlackElo "1952"]
[PlyCount "78"]
[EventDate "2020.08.07"]
[EventType "swiss"]
[EventRounds "9"]
[EventCountry "SVK"]
[SourceTitle "CBM 197 Extra"]
[Source "ChessBase"]
[SourceDate "2020.09.30"]
[SourceVersion "1"]
[SourceVersionDate "2020.09.30"]
[SourceQuality "1"]

1. d4 Nf6 2. c4 c5 3. d5 e6 4. Nc3 exd5 5. cxd5 a6 6. e4 d6 7. f3 b5 8. Bxb5+ axb5 9. Nxb5 Qa5+ 10. Nc3 Nbd7 11. Nge2 Ba6 12. 0-0 Be7 13. Rf2 0-0 14. Ng3 Rfe8 15. Bd2 Ne5 16. Nce2 Qb6 17. b3 Nd3 18. Qf1 c4 19. Nf5 Qxf2+ 20. Qxf2 Nxf2 21. Kxf2 Bf8 22. Neg3 cxb3 23. axb3 Reb8 24. b4 g6 25. Nd4 Bg7 26. Bc3 Nd7 27. Ke3 Rc8 28. Rc1 Bxd4+ 29. Kxd4 Rc4+ 30. Ke3 Rac8 31. Kd2 Nb6 32. Ne2 Na4 33. e5 Nxc3 34. Rxc3 dxe5 35. g3 Rxb4 36. Rxc8+ Bxc8 37. Kc3 Rb5 38. Kc4 Rb2 39. Nc1 Rc2+ 0-1

[Event "IBCA Wch Blind and Visually imp (Women)"]
[Site "Solec Zdroj"]
[Date "2018.08.14"]
[Round "3.11"]
[White "Horbalova, Ivana"]
[Black "Malcer, Joanna"]
[Result "1/2-1/2"]
[WhiteElo "1343"]
[BlackElo "1556"]
[PlyCount "40"]
[EventDate "2018.08.14"]
[EventType "swiss"]
[EventRounds "9"]
[EventCountry "POL"]
[SourceTitle "EXT 2024"]
[Source "ChessBase"]
[SourceDate "2023.10.10"]
[SourceVersion "1"]
[SourceVersionDate "2023.10.10"]
[SourceQuality "1"]

1. d4 d5 2. c4 e6 3. Nc3 Nf6 4. Bg5 c6 5. e3 Be7 6. Bxf6 Bxf6 7. cxd5 exd5 8. Bd3 0-0 9. Nge2 Be6 10. Qc2 g6 11. Kd2 Bg7 12. h4 f5 13. h5 Kf7 14. hxg6+ hxg6 15. Rh7 Qf6 16. Rah1 Nd7 17. Nf4 Rh8 18. g4 Rxh7 19. Rxh7 Rh8 20. Rxh8 Bxh8 1/2-1/2

[Event "Ruzomberok Montana op"]
[Site "Ruzomberok"]
[Date "2017.06.03"]
[Round "7"]
[White "Horbalova, Ivana"]
[Black "Hajtmansky, Milan"]
[Result "1-0"]
[WhiteElo "1288"]
[BlackElo "1660"]
[PlyCount "84"]
[EventDate "2017.05.28"]
[EventType "swiss"]
[EventRounds "9"]
[EventCountry "SVK"]
[SourceTitle "EXT 2018"]
[Source "ChessBase"]
[SourceDate "2017.10.13"]
[SourceVersion "1"]
[SourceVersionDate "2017.10.13"]
[SourceQuality "1"]

1. d4 e6 2. e4 Be7 3. Qg4 g6 4. e5 h5 5. Qf3 Nc6 6. Be3 b6 7. Bd3 Bb7 8. Ne2 Bg5 9. Nf4 Bxf4 10. Qxf4 Qe7 11. 0-0 Nb4 12. Nd2 Nxd3 13. cxd3 Qb4 14. Rab1 Qa4 15. a3 Qc6 16. f3 Qd5 17. Ne4 Qb5 18. Nf6+ Nxf6 19. Qxf6 Rh7 20. Bg5 Kf8 21. h4 Qxd3 22. Qe7+ Kg8 23. Qxd7 Bd5 24. Rfd1 Qe2 25. b4 f6 26. Qa4 fxg5 27. hxg5 Qe3+ 28. Kh1 Qxg5 29. Qc2 Qh4+ 30. Kg1 Qg5 31. Qd2 a6 32. Qxg5 Rg7 33. Kf2 Rf8 34. Rdc1 c6 35. Rc3 Rf5 36. Qd8+ Rf8 37. Qxb6 g5 38. Ke1 Rgf7 39. Qxa6 Rf4 40. Qb6 g4 41. a4 gxf3 42. gxf3 h4 1-0

[Event "Ruzomberok Montana op"]
[Site "Ruzomberok"]
[Date "2017.06.03"]
[Round "8"]
[White "Kunzo, Slavomir"]
[Black "Horbalova, Ivana"]
[Result "1/2-1/2"]
[WhiteElo "1646"]
[BlackElo "1288"]
[PlyCount "35"]
[EventDate "2017.05.28"]
[EventType "swiss"]
[EventRounds "9"]
[EventCountry "SVK"]
[SourceTitle "EXT 2018"]
[Source "ChessBase"]
[SourceDate "2017.10.13"]
[SourceVersion "1"]
[SourceVersionDate "2017.10.13"]
[SourceQuality "1"]

1. c4 Nf6 2. g3 g6 3. Bg2 c5 4. Nc3 e6 5. Nf3 d5 6. cxd5 exd5 7. d4 Nc6 8. 0-0 Bg7 9. dxc5 Bf5 10. Nh4 Be6 11. Bg5 Ne7 12. Nb5 0-0 13. Nd6 Qd7 14. Rb1 Bh3 15. f3 Bxg2 16. Nxg2 Ne8 17. Qxd5 Rd8 18. Qxb7 1/2-1/2

[Event "Zilina-ch"]
[Site "Zilina"]
[Date "2014.05.10"]
[Round "4"]
[White "Horbalova, Ivana"]
[Black "Bobrova, Katarina"]
[Result "0-1"]
[WhiteElo "1332"]
[BlackElo "1225"]
[PlyCount "108"]
[EventDate "2014.05.09"]
[EventType "swiss"]
[EventRounds "6"]
[EventCountry "SVK"]
[SourceTitle "CBM 160 Extra"]
[Source "ChessBase"]
[SourceDate "2014.07.01"]
[SourceVersion "1"]
[SourceVersionDate "2014.07.01"]
[SourceQuality "1"]

1. d4 d6 2. c4 Nf6 3. Nc3 g6 4. e4 Bg7 5. Nf3 0-0 6. Be2 b6 7. 0-0 Re8 8. d5 c6 9. b4 Bg4 10. a4 c5 11. Ba3 Nxe4 12. Nd4 Nxc3 13. Qd3 Nxe2+ 14. Nxe2 Bxa1 15. Nc3 Bxc3 16. Qxc3 e6 17. Bb2 e5 18. f4 Nd7 19. h3 Bf5 20. g4 Be4 21. Re1 Nf6 22. g5 Bf5 23. gxf6 Qxf6 24. Re3 Re7 25. fxe5 dxe5 26. Rxe5 Rxe5 27. Qxe5 Qxe5 28. Bxe5 Re8 29. bxc5 Rxe5 30. c6 Re4 31. d6 Rd4 32. a5 bxa5 33. c5 a4 34. c7 a3 35. d7 Rxd7 36. c8Q+ Kg7 37. Qe8 Rd1+ 38. Kf2 a2 39. Qe5+ Kh6 40. Qf4+ Kg7 41. Qe5+ f6 42. Qe7+ Kh6 43. Qf8+ Kg5 44. h4+ Kxh4 45. Qh6+ Kg4 46. Kg2 a1Q 47. Qh3+ Kf4 48. Qg3+ Ke4 49. Qf3+ Ke5 50. Qg3+ Kd5 51. Qb3+ Kxc5 52. Qe3+ Qd4 53. Qa3+ Kd5 54. Qa5+ Ke4 0-1

[Event "Zilina-ch"]
[Site "Zilina"]
[Date "2014.05.10"]
[Round "3"]
[White "Sustek, Radoslav"]
[Black "Horbalova, Ivana"]
[Result "1-0"]
[WhiteElo "1704"]
[BlackElo "1332"]
[PlyCount "91"]
[EventDate "2014.05.09"]
[EventType "swiss"]
[EventRounds "6"]
[EventCountry "SVK"]
[SourceTitle "CBM 160 Extra"]
[Source "ChessBase"]
[SourceDate "2014.07.01"]
[SourceVersion "1"]
[SourceVersionDate "2014.07.01"]
[SourceQuality "1"]

1. e4 e6 2. d4 d5 3. exd5 exd5 4. Bd3 Nf6 5. c3 c5 6. dxc5 Bxc5 7. Ne2 0-0 8. 0-0 Nc6 9. Bg5 h6 10. Bh4 Qd6 11. Bc2 Ng4 12. Bg3 Qf6 13. h3 Nge5 14. Qxd5 Qg5 15. h4 Qh5 16. Qe4 Bf5 17. Qxf5 Qxf5 18. Bxf5 Rad8 19. Nd4 Nxd4 20. cxd4 Bxd4 21. Nc3 g6 22. Be4 b6 23. Rad1 Ng4 24. Nb5 Bc5 25. Nxa7 Rfe8 26. Rxd8 Rxd8 27. Bf3 Nf6 28. Rd1 Rxd1+ 29. Bxd1 Ne4 30. Kh2 g5 31. h5 f5 32. Bc2 Kf7 33. f3 Nxg3 34. Kxg3 Kf6 35. Nc6 Bd6+ 36. Kf2 g4 37. fxg4 fxg4 38. Ke3 Kg5 39. Bg6 Kh4 40. Nd4 Bc5 41. Ke4 Kg3 42. Nf5+ Kxg2 43. Nxh6 g3 44. Nf5 Bd6 45. h6 Kf2 46. Nxg3 1-0

[Event "Zilina Region-ch"]
[Site "Zilina"]
[Date "2012.05.06"]
[Round "5"]
[White "Bechny, Vladimir"]
[Black "Horbalova, Ivana"]
[Result "0-1"]
[WhiteElo "1319"]
[BlackElo "1307"]
[PlyCount "32"]
[EventDate "2012.05.04"]
[EventType "swiss"]
[EventRounds "7"]
[EventCountry "SVK"]
[SourceTitle "CBM 148 Extra"]
[Source "ChessBase"]
[SourceDate "2012.06.22"]
[SourceVersion "1"]
[SourceVersionDate "2012.06.22"]
[SourceQuality "1"]

1. e4 e5 2. Nf3 Nc6 3. Bc4 Nf6 4. Ng5 d5 5. Bxd5 Nxd5 6. exd5 Nd4 7. Nc3 Qxg5 8. 0-0 Bh3 9. g3 Bxf1 10. Kxf1 Qf5 11. Nb5 Nxb5 12. c4 Bc5 13. Qe2 Nd4 14. Qe3 b6 15. d3 Nf3 16. Qe2 Qh3# 0-1

[Event "Zilina Region-ch"]
[Site "Zilina"]
[Date "2012.05.06"]
[Round "7"]
[White "Horbalova, Ivana"]
[Black "Ardamicova, Alena"]
[Result "0-1"]
[WhiteElo "1307"]
[BlackElo "1186"]
[PlyCount "42"]
[EventDate "2012.05.04"]
[EventType "swiss"]
[EventRounds "7"]
[EventCountry "SVK"]
[SourceTitle "CBM 148 Extra"]
[Source "ChessBase"]
[SourceDate "2012.06.22"]
[SourceVersion "1"]
[SourceVersionDate "2012.06.22"]
[SourceQuality "1"]

1. d4 d5 2. c4 e6 3. Nc3 Nf6 4. Bg5 Be7 5. e3 Nc6 6. Nf3 b6 7. Bd3 Bb7 8. Rc1 0-0 9. Bb1 dxc4 10. a3 Ba6 11. Qc2 g6 12. 0-0 Nd5 13. Bxe7 Ncxe7 14. Nxd5 Nxd5 15. Qe4 c3 16. Bd3 Bxd3 17. Qxd3 cxb2 18. Rb1 Rc8 19. Rxb2 c5 20. dxc5 Rxc5 21. Rc1 Rxc1+ 0-1

[Event "Zilina Region-ch"]
[Site "Zilina"]
[Date "2012.05.06"]
[Round "6"]
[White "Horbalova, Ivana"]
[Black "Piovar, Richard"]
[Result "0-1"]
[WhiteElo "1307"]
[BlackElo "1145"]
[PlyCount "56"]
[EventDate "2012.05.04"]
[EventType "swiss"]
[EventRounds "7"]
[EventCountry "SVK"]
[SourceTitle "CBM 148 Extra"]
[Source "ChessBase"]
[SourceDate "2012.06.22"]
[SourceVersion "1"]
[SourceVersionDate "2012.06.22"]
[SourceQuality "1"]

1. d4 d5 2. c4 dxc4 3. Nf3 b5 4. g3 Bf5 5. Nc3 a6 6. b4 Nc6 7. a3 a5 8. Bf4 axb4 9. Nxb5 Rc8 10. axb4 Nxb4 11. Nxc7+ Rxc7 12. Qa4+ Bd7 13. Qxb4 e5 14. Qa5 exf4 15. Qe5+ Ne7 16. Qxf4 Ng6 17. Qe4+ Qe7 18. Qxe7+ Bxe7 19. Ra8+ Bd8 20. Bg2 c3 21. 0-0 0-0 22. Rc1 Re8 23. e3 Be7 24. Rxe8+ Bxe8 25. d5 Ba3 26. Rc2 Ba4 27. Ra2 c2 28. Rxa3 c1Q+ 0-1